Holiday Quiz

Random Holiday or Christmas Quiz
Score 0/12 Timer 03:00
3 Plays Today
Question Answer Wrong Answers
Gold Ring Fifth Day
91.7%
Ninth Day
1.4%
Tenth Day
1.1%
Sixth Day
1.2%
Partridge in a pear tree First Day
86.7%
Second Day
5.4%
Sixth Day
1.8%
Seventh Day
1.1%
Swan a-swimming Seventh Day
84.5%
Eighth Day
6.6%
First Day
1.1%
Second Day
2.7%
Maid a-milking Eighth Day
83.6%
Fifth Day
1.7%
Third Day
1.6%
Seventh Day
7.7%
Piper piping Eleventh Day
81.8%
Seventh Day
9.8%
Fifth Day
2.3%
First Day
1%
Goose a-laying Sixth Day
80.2%
Fifth Day
2.3%
Third Day
7.3%
Tenth Day
4.9%
French Hen Third Day
80.1%
First Day
2.6%
Eleventh Day
3.2%
Fourth Day
8.8%
Turtle Dove Second Day
79.2%
Fourth Day
12%
Fifth Day
1.8%
Eleventh Day
1.7%
Calling Bird Fourth Day
67.7%
Second Day
11.1%
Third Day
8.9%
Sixth Day
6.6%
Lady dancing Ninth Day
67.1%
Tenth Day
11.3%
Eleventh Day
10.9%
Twelfth Day
5.4%
Drummer drumming Twelfth Day
67%
Eleventh Day
18.9%
Eighth Day
7.3%
Fourth Day
1.7%
Lord a-leaping Tenth Day
65%
Ninth Day
17.1%
Third Day
1.4%
Twelfth Day
11.4%
Remove Ads.
Support Sporcle.
Get the best of Sporcle when you Go Orange. This ad-free experience offers more features, more stats, and more fun while also helping to support Sporcle. Thank you for becoming a member.

You're not logged in!

Compare scores with friends on all Sporcle quizzes.
OR
Log In

Show Comments

Extras

Top Quizzes Today


Score Distribution

Your Account Isn't Verified!

In order to create a playlist on Sporcle, you need to verify the email address you used during registration. Go to your Sporcle Settings to finish the process.

Report this User

Report this user for behavior that violates our Community Guidelines.

Details: